000 00578nam a2200217Ia 4500
005 20230313145817.0
008 131103s9999 xx 000 0 und d
020 _a069106217 X
040 _aLoreto College
041 _aEnglish
082 _a822.33
_bSHA-NEV
100 _aNevo,Ruth
245 _aTragic form in Shakespeare
_cRuth Nevo
260 _aPrinceton
_bPrinceton University Press
_c1972
300 _axi,412 p.
504 _aIncludes index
650 _aEnglish Drama
651 _aShakespeare,William - Tragedy - Criticism
850 _aLCLIB
942 _cBK
999 _c4695
_d55174